Quick Pick: Black Sea Countries Quiz Stats

 Plays Quiz Updated Feb 13, 2019

Support Sporcle.
Go Orange.
Score 0/6 Timer 01:00
1 Play Today
% Correct
Russia
81.2%
Turkey
80.2%
Bulgaria
74.9%
Ukraine
72.5%
Romania
71.8%
Georgia
71.4%

Today's Daily Dose

From the Vault

Finish the Movie Title II

by LTH

Movies 7m
Sometimes we fall asleep before finishing a movie, let's hope that doesn't happen here.
Remove Ads.
Support Sporcle.
Get the best of Sporcle when you Go Orange. This ad-free experience offers more features, more stats, and more fun while also helping to support Sporcle. Thank you for becoming a member.

Show Comments

Extras

Top Quizzes Today


Score Distribution

Your Account Isn't Verified!

In order to create a playlist on Sporcle, you need to verify the email address you used during registration. Go to your Sporcle Settings to finish the process.

Report this User

Report this user for behavior that violates our Community Guidelines.

Details: